000 00324nam a22001457a 4500
008 221011b ||||| |||| 00| 0 eng d
020 _a683020730
041 _aeng
080 _2SIXTEENTH EDITION
_a611
082 _a611 COP
100 _a15.1
101 _aHIS
245 _aHISTOLOGY
_cCOPENHAVER M.W
942 _2udc
_cBK
999 _c58475
_d58475